000 00524nam a2200181Ia 4500
008 240729s9999 xx 000 0 und d
022 _a2281-8421
245 0 _aPediatric Anesthesia and Critical Care Journal (PACCJ)
260 _aItaly
260 _bPediatric Anesthesia and Critical Care Journal
650 _a Anesthesiology
650 _a Pediatrics | Medicine
650 _a Surgery
650 _aMedicine
856 _uhttps://doaj.org/toc/fd0770446bea41e19a4d9a19e551fd09
942 _2ddc
942 _cDOAJEJ
999 _c72585
_d72585
945 _a1
_bMadushi Gamage
_c1
_dMadushi Gamage